| 000 | 00607nam a2200193 i 4500 | ||
|---|---|---|---|
| 001 | 61129 | ||
| 003 | ES-MaACL | ||
| 005 | 20230906164357.0 | ||
| 007 | t| | ||
| 008 | 031110s1977 sp ||||1| spa d | ||
| 245 | 0 | 3 |
_aEl evangelio subversivo _b: historia y documentos del encuentro de Riobamba / _cEquipo Tierra Dos Tercios. |
| 260 |
_aSalamanca : _bSígueme, _c[1977] |
||
| 300 |
_a200 p., 2 lám. ; _c22 cm. |
||
| 490 | 1 | _aTierra dos tercios | |
| 710 | 2 |
_aEquipo Tierra Dos Tercios. _93501 |
|
| 830 | 0 |
_aTierra dos tercios _9230585 |
|
| 852 |
_aES-MaACL _jA-6710 _bR.96097 |
||
| 999 |
_c61129 _d61129 |
||